[Event "Copenhagen Chess Challenge 2014"]
[Site "Ballerup"]
[Date "2014.05.16"]
[Round "4"]
[White "Thorfinnsson, Bragi"]
[Black "Pedersen, Daniel V"]
[Result "1/2-1/2"]
[WhiteElo "2459"]
[BlackElo "2244"]
[PlyCount "94"]
[EventDate "2014.??.??"]
[EventType "swiss"]
[EventRounds "9"]
[EventCountry "DEN"]

1. Nf3 d5 2. g3 Nf6 3. Bg2 c5 4. O-O Nc6 5. d4 e6 6. c4 dxc4 7. Qa4 Bd7 8. Qxc4
cxd4 9. Nxd4 Rc8 10. Nc3 Nxd4 11. Qxd4 Bc5 12. Qh4 Bc6 13. Rd1 Qa5 14. Bxc6+
Rxc6 15. Bh6 O-O 16. Bxg7 Bxf2+ 17. Kxf2 Kxg7 18. Kg2 Qe5 19. Qf4 Rc5 20. Rd3
Rfc8 21. Rf1 R8c7 22. Qf3 h5 23. h3 Qg5 24. Qf4 Qxf4 25. Rxf4 Rc4 26. Rxc4 Rxc4
27. Kf3 h4 28. b3 Rb4 29. g4 e5 30. e4 Rd4 31. Rxd4 exd4 32. Nb5 d3 33. Nd6 Kg6
34. Ke3 Nxg4+ 35. hxg4 h3 36. Nf5 h2 37. Ng3 Kg5 38. Kxd3 Kxg4 39. Nh1 Kf4 40.
Kd4 f6 41. Kd3 Kf3 42. b4 b5 43. a3 a6 44. Kd4 Ke2 45. Ng3+ Kf3 46. Nh1 Ke2 47.
Ng3+ Kf3 1/2-1/2

[Event "Copenhagen Chess Challenge 2014"]
[Site "Ballerup"]
[Date "2014.05.16"]
[Round "4"]
[White "Thorhallsson, Throstur"]
[Black "Danielsen, Henrik"]
[Result "0-1"]
[WhiteElo "2437"]
[BlackElo "2483"]
[PlyCount "160"]
[EventDate "2014.??.??"]
[EventType "swiss"]
[EventRounds "9"]
[EventCountry "DEN"]

1. e4 d6 2. d4 Nf6 3. Nc3 e5 4. Nge2 c6 5. a4 Be7 6. h3 O-O 7. g4 d5 8. exd5
exd4 9. Qxd4 cxd5 10. Be3 Nc6 11. Qd2 Bb4 12. Bg2 Qa5 13. O-O Rd8 14. Rad1 Be6
15. Qc1 Bxc3 16. bxc3 Ne4 17. Qb2 Qxa4 18. Qxb7 Rab8 19. Qc7 Rbc8 20. Qf4 Qxc2
21. Rfe1 Nxc3 22. Nxc3 Qxc3 23. Rc1 Qa3 24. Bc5 Qb2 25. Bf1 Qb8 26. Qa4 Ne5 27.
Bg2 Nd3 28. Bxa7 Nxe1 29. Rxe1 Qa8 30. Qd4 Rd7 31. Bc5 Qc6 32. Ba3 Qc3 33. Rc1
Qxc1+ 34. Bxc1 Rxc1+ 35. Kh2 Rc4 36. Qe5 Rd8 37. f4 Rc2 38. f5 Bc8 39. Kg3 d4
40. f6 Rc3+ 41. Kh4 gxf6 42. Qxf6 Re8 43. Qxd4 Ree3 44. Qd8+ Kg7 45. Qg5+ Kf8
46. Qd8+ Kg7 47. Qd4+ Kg8 48. Qd8+ Kg7 49. Qg5+ Kf8 50. Qf6 Kg8 51. Bd5 Rxh3+
52. Kg5 h6+ 53. Kf4 Be6 54. Be4 Rc4 55. Ke5 Rc5+ 56. Kf4 Rc8 57. Bf5 Rc4+ 58.
Ke5 Re3+ 59. Kd6 Bxf5 60. gxf5 Rd3+ 61. Ke5 Rc5+ 62. Kf4 Rdd5 63. Qxh6 Rxf5+
64. Kg4 Rf1 65. Qd6 Rcf5 66. Qd8+ Kg7 67. Qd4+ Rf6 68. Kg5 R1f5+ 69. Kg4 Rf4+
70. Qxf4 Rxf4+ 71. Kxf4 Kf6 72. Kg4 Ke5 73. Kf3 Kf5 74. Kg3 Ke4 75. Kf2 Kf4 76.
Kg2 Ke3 77. Kf1 Kf3 78. Kg1 f5 79. Kf1 f4 80. Kg1 Ke2 0-1

[Event "Copenhagen Chess Challenge 2014"]
[Site "Ballerup"]
[Date "2014.05.16"]
[Round "4"]
[White "Ziska, Helgi Dam"]
[Black "Korley, Kassa"]
[Result "1/2-1/2"]
[WhiteElo "2491"]
[BlackElo "2390"]
[PlyCount "35"]
[EventDate "2014.??.??"]
[EventType "swiss"]
[EventRounds "9"]
[EventCountry "DEN"]

1. e4 c5 2. Nf3 Nc6 3. Bb5 g6 4. Bxc6 bxc6 5. O-O Bg7 6. Re1 Nh6 7. c3 O-O 8.
h3 d5 9. e5 f6 10. d4 cxd4 11. exf6 exf6 12. cxd4 Re8 13. Nc3 Nf5 14. b3 Nd6
15. Be3 Ne4 16. Rc1 g5 17. Qd3 Bd7 18. Na4 1/2-1/2

[Event "Copenhagen Chess Challenge 2014"]
[Site "Ballerup"]
[Date "2014.05.16"]
[Round "5"]
[White "Andersen, Kim Nyvang"]
[Black "Stojanovski, Sandi"]
[Result "1/2-1/2"]
[WhiteElo "2039"]
[BlackElo "2265"]
[PlyCount "40"]
[EventDate "2014.??.??"]
[EventType "swiss"]
[EventRounds "9"]
[EventCountry "DEN"]

1. d4 Nf6 2. c4 e6 3. Nc3 Bb4 4. f3 c5 5. d5 d6 6. e4 e5 7. Bd3 Bxc3+ 8. bxc3
Nbd7 9. Ne2 h6 10. O-O g5 11. g3 Qe7 12. Bc2 Rg8 13. Kh1 Kd8 14. Qd3 Kc7 15. f4
gxf4 16. gxf4 exf4 17. Bxf4 Nh5 18. e5 Nxf4 19. exd6+ Qxd6 20. Rxf4 Ne5 1/2-1/2

[Event "Copenhagen Chess Challenge 2014"]
[Site "Ballerup"]
[Date "2014.05.16"]
[Round "5"]
[White "Bjerre, Tavs"]
[Black "Ochsner, Bjorn Moller"]
[Result "0-1"]
[WhiteElo "2067"]
[BlackElo "2307"]
[PlyCount "56"]
[EventDate "2014.??.??"]
[EventType "swiss"]
[EventRounds "9"]
[EventCountry "DEN"]

1. d4 Nf6 2. c4 e6 3. Nc3 Bb4 4. e3 c5 5. Bd3 O-O 6. Nf3 d5 7. O-O Nc6 8. a3
Bxc3 9. bxc3 Qc7 10. Bb2 Na5 11. cxd5 exd5 12. Ne5 c4 13. Bc2 Ne4 14. Nf3 Bg4
15. h3 Bxf3 16. gxf3 Nf6 17. e4 Qf4 18. e5 Nh5 19. Bc1 Qh4 20. Kg2 Rae8 21. Qd2
f6 22. exf6 Qxf6 23. Qg5 Qxf3+ 24. Kg1 Nf6 25. Qg3 Ne4 26. Qxf3 Rxf3 27. Bxe4
Rxe4 28. Kg2 Rd3 0-1

[Event "Copenhagen Chess Challenge 2014"]
[Site "Ballerup"]
[Date "2014.05.16"]
[Round "5"]
[White "Christensen, Tobias"]
[Black "Sorensen, Per Settergren"]
[Result "1/2-1/2"]
[WhiteElo "2368"]
[BlackElo "2021"]
[PlyCount "62"]
[EventDate "2014.??.??"]
[EventType "swiss"]
[EventRounds "9"]
[EventCountry "DEN"]

1. e4 e5 2. Nf3 Nc6 3. Nc3 Nf6 4. h3 Bb4 5. Nd5 O-O 6. Nxb4 Nxb4 7. c3 Nc6 8.
d3 d5 9. Qc2 a5 10. Bg5 Be6 11. Be2 h6 12. Bh4 Qe7 13. O-O Rfd8 14. Rfe1 dxe4
15. dxe4 Rd6 16. Nxe5 Nxe5 17. f4 Ng6 18. Bxf6 Qxf6 19. e5 Nxe5 20. fxe5 Qxe5
21. Bf3 Qg5 22. Rad1 Rad8 23. Rxd6 Rxd6 24. Bxb7 Rd2 25. Qa4 Bxh3 26. Qe8+ Kh7
27. Re2 Rd1+ 28. Re1 Rd2 29. Re2 Qc5+ 30. Kh2 Bd7 31. Qe5 Qxe5+ 1/2-1/2

[Event "Copenhagen Chess Challenge 2014"]
[Site "Ballerup"]
[Date "2014.05.16"]
[Round "5"]
[White "Danielsen, Henrik"]
[Black "Fries Nielsen, Jens Ove"]
[Result "0-1"]
[WhiteElo "2483"]
[BlackElo "2384"]
[PlyCount "62"]
[EventDate "2014.??.??"]
[EventType "swiss"]
[EventRounds "9"]
[EventCountry "DEN"]

1. c4 e6 2. Nf3 g6 3. g3 Bg7 4. Bg2 Ne7 5. O-O d6 6. d4 Nd7 7. Nc3 a6 8. Re1
Rb8 9. a4 O-O 10. Rb1 h6 11. b3 b6 12. Ba3 Bb7 13. e3 c5 14. Rc1 Nf5 15. d5 e5
16. Nd2 Ne7 17. Nde4 Nc8 18. f4 f5 19. Nf2 Ne7 20. Rc2 Bc8 21. Bc1 g5 22. e4
exf4 23. gxf4 gxf4 24. Bxf4 Ne5 25. Qh5 N7g6 26. Bxh6 Bxh6 27. Qxh6 f4 28. Bh3
Rb7 29. Bxc8 Qxc8 30. Qh5 Rh7 31. Qd1 Nh4 0-1

[Event "Copenhagen Chess Challenge 2014"]
[Site "Ballerup"]
[Date "2014.05.16"]
[Round "5"]
[White "de Blecourt Dalsberg, Sandra"]
[Black "Subramanian, Aditya"]
[Result "1-0"]
[WhiteElo "2121"]
[BlackElo "1845"]
[PlyCount "79"]
[EventDate "2014.??.??"]
[EventType "swiss"]
[EventRounds "9"]
[EventCountry "DEN"]

1. d4 Nf6 2. c4 e6 3. Nc3 Bb4 4. e3 O-O 5. Nge2 d5 6. a3 Bd6 7. Ng3 c6 8. Be2
e5 9. cxd5 exd4 10. Qxd4 cxd5 11. O-O Nc6 12. Qa4 Be5 13. Rd1 Bxc3 14. bxc3 Qe7
15. Bf3 Be6 16. Rb1 a6 17. Qf4 Rfd8 18. Nf5 Bxf5 19. Qxf5 Ne4 20. Bb2 g6 21.
Qf4 Na5 22. Rd4 Nb3 23. Rb4 Nbc5 24. Rd1 b5 25. Qh6 f6 26. h4 Rd6 27. Qf4 f5
28. Rbd4 Rad8 29. Bxe4 fxe4 30. a4 Qe8 31. Ba3 Ne6 32. Qf6 Nxd4 33. Bxd6 Qd7
34. Be5 Ne6 35. Qh8+ Kf7 36. Qxh7+ Ke8 37. Qxg6+ Qf7 38. Qxf7+ Kxf7 39. axb5
axb5 40. Rb1 1-0

[Event "Copenhagen Chess Challenge 2014"]
[Site "Ballerup"]
[Date "2014.05.16"]
[Round "5"]
[White "Englert, Fabian"]
[Black "Olsen, Miriam Frida"]
[Result "1/2-1/2"]
[WhiteElo "2310"]
[BlackElo "1952"]
[PlyCount "49"]
[EventDate "2014.??.??"]
[EventType "swiss"]
[EventRounds "9"]
[EventCountry "DEN"]

1. e4 c5 2. Nf3 e6 3. Nc3 Nc6 4. d4 cxd4 5. Nxd4 a6 6. g3 Qc7 7. Bg2 Nf6 8. O-O
Nxd4 9. Qxd4 Bc5 10. Bf4 d6 11. Qd2 O-O 12. Rad1 Ne8 13. Rfe1 Bb4 14. a3 Bxc3
15. bxc3 e5 16. Be3 Be6 17. a4 b5 18. axb5 axb5 19. Bf1 Ra3 20. Bxb5 Rxc3 21.
Bd3 Nf6 22. Bb6 Qc6 23. Ba5 Ra3 24. Qb4 Ra4 25. Qc3 1/2-1/2

[Event "Copenhagen Chess Challenge 2014"]
[Site "Ballerup"]
[Date "2014.05.16"]
[Round "5"]
[White "Hansen, Mads"]
[Black "Mueller, Reinhold"]
[Result "1-0"]
[WhiteElo "2358"]
[BlackElo "2282"]
[PlyCount "47"]
[EventDate "2014.??.??"]
[EventType "swiss"]
[EventRounds "9"]
[EventCountry "DEN"]

1. c4 c6 2. Nf3 d5 3. g3 dxc4 4. Bg2 b5 5. a4 Bb7 6. b3 cxb3 7. Qxb3 a6 8. Ba3
Nd7 9. O-O e6 10. Bxf8 Nxf8 11. Nc3 Nf6 12. Ne5 Qb6 13. Nc4 Qc5 14. Na5 Rb8 15.
Rfc1 Qb6 16. axb5 axb5 17. Nxb7 Rxb7 18. Nxb5 cxb5 19. Rc8+ Kd7 20. Bxb7 Qxb7
21. Rca8 Qd5 22. R1a7+ Kc6 23. Qc3+ Qc4 24. Rc8+ 1-0

[Event "Copenhagen Chess Challenge 2014"]
[Site "Ballerup"]
[Date "2014.05.16"]
[Round "5"]
[White "Haub, Thorsten Michael"]
[Black "Jorgensen, Dennis"]
[Result "1-0"]
[WhiteElo "2441"]
[BlackElo "2231"]
[PlyCount "101"]
[EventDate "2014.??.??"]
[EventType "swiss"]
[EventRounds "9"]
[EventCountry "DEN"]

1. g3 d5 2. Bg2 Nf6 3. d3 c6 4. Nd2 g6 5. e4 dxe4 6. dxe4 Bg7 7. Ngf3 O-O 8.
O-O Na6 9. Qe2 Nc5 10. e5 Nd5 11. Nb3 Nxb3 12. axb3 Bg4 13. h3 Be6 14. Bd2 Qc8
15. Kh2 Nc7 16. c4 Rd8 17. Bc3 Na6 18. Nd4 Nc7 19. f4 f5 20. Qe3 Bf7 21. Rfe1
e6 22. g4 Kh8 23. Rg1 Qd7 24. Bf3 Qe7 25. Rg3 Rg8 26. Rag1 c5 27. Nxf5 exf5 28.
gxf5 Rae8 29. fxg6 Bxg6 30. Be4 Bxe4 31. Qxe4 Ne6 32. f5 Nd4 33. Rxg7 Rxg7 34.
f6 Rxg1 35. fxe7 Rg7 36. b4 Ne6 37. Qxb7 Rexe7 38. Qd5 cxb4 39. Bxb4 Ref7 40.
Be1 Ng5 41. Bg3 Nf3+ 42. Kg2 Ne1+ 43. Kh1 Rf1+ 44. Kh2 Nf3+ 45. Kg2 Rg1+ 46.
Kxf3 R1xg3+ 47. Ke4 h6 48. e6 Rg1 49. Qd2 R1g6 50. Ke5 Kh7 51. c5 1-0

[Event "Copenhagen Chess Challenge 2014"]
[Site "Ballerup"]
[Date "2014.05.16"]
[Round "5"]
[White "Haubro, Sigfred"]
[Black "Nielsen, Viktor"]
[Result "1/2-1/2"]
[WhiteElo "2175"]
[BlackElo "2029"]
[PlyCount "34"]
[EventDate "2014.??.??"]
[EventType "swiss"]
[EventRounds "9"]
[EventCountry "DEN"]

1. b4 e5 2. Bb2 Bxb4 3. Bxe5 Nf6 4. Nf3 O-O 5. e3 Re8 6. Be2 d5 7. O-O c5 8. c3
Ba5 9. d4 c4 10. Qc2 Ne4 11. Nfd2 Bf5 12. Nxe4 Bxe4 13. Qb2 Nd7 14. Bg3 Qb6 15.
Qc1 Qg6 16. Qa3 Bd8 17. Nd2 Bd3 1/2-1/2

[Event "Copenhagen Chess Challenge 2014"]
[Site "Ballerup"]
[Date "2014.05.16"]
[Round "5"]
[White "Hector, Jonny"]
[Black "Thuesen, Mogens Henrik"]
[Result "1-0"]
[WhiteElo "2511"]
[BlackElo "2235"]
[PlyCount "63"]
[EventDate "2014.??.??"]
[EventType "swiss"]
[EventRounds "9"]
[EventCountry "DEN"]

1. e4 c5 2. Nf3 Nc6 3. Nc3 e6 4. d4 cxd4 5. Nxd4 Nf6 6. Nxc6 bxc6 7. e5 Nd5 8.
Ne4 Qc7 9. f4 Qb6 10. c4 Ne3 11. Qd3 Nf5 12. g4 Nd4 13. Be2 c5 14. Be3 Qxb2 15.
Rb1 Qxe2+ 16. Qxe2 Nxe2 17. Kxe2 Ba6 18. Kd3 Rc8 19. Kc3 Be7 20. Rhd1 Rc7 21.
Rb8+ Bc8 22. f5 O-O 23. f6 gxf6 24. exf6 Bd8 25. Bxc5 Re8 26. Be7 Rc6 27. Nd6
Bc7 28. Rxc8 Rxc8 29. Nxc8 d5 30. Nxa7 Rxc4+ 31. Kb3 Rxg4 32. Rc1 1-0

[Event "Copenhagen Chess Challenge 2014"]
[Site "Ballerup"]
[Date "2014.05.16"]
[Round "5"]
[White "Hoi, Carsten"]
[Black "Ziska, Helgi Dam"]
[Result "1/2-1/2"]
[WhiteElo "2397"]
[BlackElo "2491"]
[PlyCount "67"]
[EventDate "2014.??.??"]
[EventType "swiss"]
[EventRounds "9"]
[EventCountry "DEN"]

1. d4 Nf6 2. c4 g6 3. Nc3 Bg7 4. e4 d6 5. f3 O-O 6. Be3 c5 7. Nge2 Nc6 8. d5
Na5 9. Ng3 a6 10. Qd2 b5 11. Bh6 e6 12. h4 Bxh6 13. Qxh6 b4 14. Nd1 exd5 15.
cxd5 Qe7 16. Qg5 Re8 17. Ne3 Qe5 18. Qxe5 dxe5 19. Rc1 Nb7 20. Nc4 Bd7 21. Nb6
Ra7 22. Kd2 Bb5 23. Bd3 Rb8 24. Nf1 Nd6 25. Nc4 Bxc4 26. Bxc4 a5 27. Ne3 Nd7
28. h5 Kg7 29. Bd3 a4 30. g3 a3 31. b3 Ra5 32. Ke2 Nf6 33. g4 g5 34. Rc2
1/2-1/2

[Event "Copenhagen Chess Challenge 2014"]
[Site "Ballerup"]
[Date "2014.05.16"]
[Round "5"]
[White "Jensen, Morten Frank"]
[Black "Murtuzov, Rauf Mubariz"]
[Result "1/2-1/2"]
[WhiteElo "2005"]
[BlackElo "2079"]
[PlyCount "128"]
[EventDate "2014.??.??"]
[EventType "swiss"]
[EventRounds "9"]
[EventCountry "DEN"]

1. e4 c6 2. d4 d5 3. f3 g6 4. Nc3 Bg7 5. Be3 Qb6 6. a3 Nf6 7. e5 Nfd7 8. f4 f6
9. Nf3 fxe5 10. fxe5 Nxe5 11. Nxe5 Bxe5 12. Qd2 Bg7 13. O-O-O O-O 14. Be2 Nd7
15. h4 Nf6 16. Bh6 Bf5 17. Bxg7 Kxg7 18. h5 Qc7 19. hxg6 Bxg6 20. Qh6+ Kg8 21.
Rdf1 e5 22. Qg5 exd4 23. Rxf6 Rxf6 24. Qxf6 dxc3 25. Qxc3 Re8 26. Bf3 Qg7 27.
Qxg7+ Kxg7 28. Kd2 Kf6 29. Rh4 Re7 30. b4 h5 31. Rf4+ Kg5 32. Rf8 Rf7 33. Rg8
h4 34. Rh8 Rh7 35. Rf8 Rf7 36. Rh8 Bh7 37. Ke3 Kh6 38. c3 Kg7 39. Re8 Bg6 40.
Re6 Bf5 41. Re8 b6 42. b5 Bg6 43. Re6 cxb5 44. Bxd5 Rd7 45. c4 Bf7 46. Re4 Bxd5
47. cxd5 Rxd5 48. Re7+ Kf8 49. Rxa7 Rc5 50. Kf4 Rc2 51. Kg4 Rxg2+ 52. Kxh4 Ra2
53. Rb7 Rxa3 54. Rxb6 Rb3 55. Kg4 Ke7 56. Kf4 Kd7 57. Ke4 Kc7 58. Rh6 Rc3 59.
Kd4 b4 60. Ra6 Rh3 61. Kc4 b3 62. Ra1 Kb6 63. Rb1 Ka5 64. Rxb3 Rxb3 1/2-1/2

[Event "Copenhagen Chess Challenge 2014"]
[Site "Ballerup"]
[Date "2014.05.16"]
[Round "5"]
[White "Johansen, Johnny Holler"]
[Black "Olsen, Aage Dalstrup"]
[Result "1/2-1/2"]
[WhiteElo "1949"]
[BlackElo "2054"]
[PlyCount "20"]
[EventDate "2014.??.??"]
[EventType "swiss"]
[EventRounds "9"]
[EventCountry "DEN"]

1. e4 c5 2. Nf3 d6 3. d4 cxd4 4. Nxd4 Nf6 5. Nc3 g6 6. Be3 Bg7 7. f3 Nc6 8. Qd2
h5 9. Bc4 Bd7 10. O-O-O Rc8 1/2-1/2

[Event "Copenhagen Chess Challenge 2014"]
[Site "Ballerup"]
[Date "2014.05.16"]
[Round "5"]
[White "Karlsson, Robin"]
[Black "Petrovski, Petruli"]
[Result "1-0"]
[WhiteElo "2008"]
[BlackElo "1866"]
[PlyCount "139"]
[EventDate "2014.??.??"]
[EventType "swiss"]
[EventRounds "9"]
[EventCountry "DEN"]

1. d4 Nf6 2. c4 e6 3. Nf3 c5 4. d5 b5 5. cxb5 exd5 6. Bg5 Bb7 7. e3 Qa5+ 8. Qd2
Qxd2+ 9. Nbxd2 Ne4 10. Bd3 h6 11. Bf4 d6 12. h4 Nd7 13. Rd1 Ndf6 14. Nb1 Be7
15. Rg1 Ng4 16. Rf1 g5 17. hxg5 hxg5 18. Bxe4 gxf4 19. Bf5 Nh2 20. Rg1 fxe3 21.
fxe3 Nxf3+ 22. gxf3 Bh4+ 23. Ke2 Ke7 24. Nc3 Bf6 25. Rg2 d4 26. Ne4 Bxe4 27.
fxe4 Rab8 28. a4 a6 29. bxa6 Rxb2+ 30. Rd2 Rxd2+ 31. Kxd2 Ra8 32. e5 Bxe5 33.
exd4 Bxd4 34. Bd3 d5 35. Bb5 Kd6 36. Rh2 c4 37. Rh6+ Ke5 38. Rh5+ Kd6 39. Rh6+
f6 40. Rh7 Ra7 41. Rh8 Bb6 42. Kc3 Kc5 43. Rc8+ Bc7 44. Kd2 Kd4 45. Kc2 f5 46.
Bc6 Kc5 47. Bb7 Kd6 48. Rf8 Ke5 49. Rf7 Bb6 50. Re7+ Kd6 51. Rf7 Ke6 52. Rh7
Ke5 53. Re7+ Kf4 54. Rd7 d4 55. Rd6 d3+ 56. Kd1 Ba5 57. Rd4+ Ke3 58. Rxc4 f4
59. Re4+ Kf2 60. Rxf4+ Ke3 61. Re4+ Kf2 62. Re7 Bb4 63. Re4 Ba5 64. Re5 Bc3 65.
Rc5 Bb4 66. Rb5 Be7 67. Kd2 Kg3 68. Kxd3 Kf4 69. Kc4 Bd8 70. Kd5 1-0

[Event "Copenhagen Chess Challenge 2014"]
[Site "Ballerup"]
[Date "2014.05.16"]
[Round "5"]
[White "Kistrup, Nicolai"]
[Black "Nielsen, Thomas (1975)"]
[Result "1/2-1/2"]
[WhiteElo "1721"]
[BlackElo "1912"]
[PlyCount "65"]
[EventDate "2014.??.??"]
[EventType "swiss"]
[EventRounds "9"]
[EventCountry "DEN"]

1. d4 d5 2. Nf3 e6 3. c4 c5 4. cxd5 exd5 5. Nc3 Nc6 6. Bf4 Nf6 7. e3 a6 8. dxc5
Bxc5 9. Be2 h6 10. O-O O-O 11. Nd4 Re8 12. Bf3 Nxd4 13. exd4 Ba7 14. Be5 Be6
15. Qb3 b5 16. Bxf6 Qxf6 17. Bxd5 Bxd5 18. Nxd5 Qd6 19. Rad1 Rad8 20. Nb4 Bxd4
21. Rxd4 Qxd4 22. Nc6 Qd3 23. Nxd8 Qxb3 24. axb3 Rxd8 25. f4 Rd2 26. Rf2 Rd3
27. Rf3 Rxf3 28. gxf3 Kf8 29. Kf2 Ke7 30. Ke3 Kd6 31. Kd4 Ke6 32. Ke4 Kd6 33.
b4 1/2-1/2

[Event "Copenhagen Chess Challenge 2014"]
[Site "Ballerup"]
[Date "2014.05.16"]
[Round "5"]
[White "Korley, Kassa"]
[Black "Semcesen, Daniel"]
[Result "1/2-1/2"]
[WhiteElo "2390"]
[BlackElo "2513"]
[PlyCount "42"]
[EventDate "2014.??.??"]
[EventType "swiss"]
[EventRounds "9"]
[EventCountry "DEN"]

1. e4 e5 2. Nf3 Nc6 3. Bb5 a6 4. Bxc6 dxc6 5. O-O Qf6 6. d3 Ne7 7. Nbd2 Ng6 8.
Nc4 Bg4 9. h3 Bxf3 10. Qxf3 Qxf3 11. gxf3 O-O-O 12. Kg2 Be7 13. Rg1 Rhg8 14.
Kf1 f6 15. Rg4 Nf8 16. f4 exf4 17. Bxf4 Ne6 18. Be3 Rgf8 19. Re1 g6 20. Bh6 Rf7
21. f4 Bf8 1/2-1/2

[Event "Copenhagen Chess Challenge 2014"]
[Site "Ballerup"]
[Date "2014.05.16"]
[Round "5"]
[White "Krull, Carl"]
[Black "Frank Nielsen, Marie"]
[Result "0-1"]
[WhiteElo "1789"]
[BlackElo "1992"]
[PlyCount "146"]
[EventDate "2014.??.??"]
[EventType "swiss"]
[EventRounds "9"]
[EventCountry "DEN"]

1. e4 c5 2. Nf3 e6 3. d4 cxd4 4. Qxd4 Nc6 5. Qa4 Qc7 6. Nc3 a6 7. Bd3 Qb8 8. a3
b5 9. Qb3 Nf6 10. h3 Bc5 11. Bg5 Nh5 12. Ne2 h6 13. Bh4 Qb6 14. g4 Nf6 15. Bg3
Bb7 16. Nd2 d5 17. f3 Na5 18. Qa2 Be3 19. e5 Bxd2+ 20. Kxd2 Ne4+ 21. Ke1 Nxg3
22. Nxg3 Qe3+ 23. Be2 Qxe5 24. Kf2 Nc4 25. b3 Qd4+ 26. Kg2 Ne3+ 27. Kh2 Nxc2
28. Bxb5+ axb5 29. Qxc2 Rc8 30. Qe2 O-O 31. Rhd1 Qb6 32. Qb2 f6 33. Kg2 Rc7 34.
Ne2 e5 35. Rac1 d4 36. Rxc7 Qxc7 37. Rc1 Qd6 38. b4 Rd8 39. Qd2 e4 40. Ng1
exf3+ 41. Nxf3 Qd5 42. Qd3 Re8 43. Rc5 Qa2+ 44. Rc2 Bxf3+ 45. Kxf3 Qd5+ 46. Kf2
Qe5 47. Kg2 Qd5+ 48. Kf2 Re3 49. Rc8+ Kf7 50. Rc7+ Ke6 51. Qf5+ Qxf5+ 52. gxf5+
Kxf5 53. Rc5+ Ke4 54. Rxb5 Rxa3 55. Rb7 g5 56. Re7+ Kd5 57. Rd7+ Kc4 58. Rd6
Rxh3 59. Rxf6 Kxb4 60. Ke2 Kc5 61. Kd2 Kd5 62. Rf8 Rh4 63. Kd3 Ke5 64. Re8+ Kf6
65. Rf8+ Kg6 66. Re8 Rf4 67. Re6+ Kh5 68. Re5 Kg4 69. Re8 h5 70. Rh8 h4 71. Rh7
h3 72. Rh6 Kg3 73. Ke2 h2 0-1

[Event "Copenhagen Chess Challenge 2014"]
[Site "Ballerup"]
[Date "2014.05.16"]
[Round "5"]
[White "Larsen, Preben R"]
[Black "Nielsen, Thomas (1994)"]
[Result "1-0"]
[WhiteElo "1808"]
[BlackElo "1600"]
[PlyCount "93"]
[EventDate "2014.??.??"]
[EventType "swiss"]
[EventRounds "9"]
[EventCountry "DEN"]

1. c4 c5 2. Nc3 Nc6 3. Nf3 Nf6 4. e4 e5 5. d3 d6 6. Be2 Be7 7. O-O O-O 8. Be3
Bg4 9. Ne1 Bxe2 10. Nxe2 Ng4 11. h3 Nxe3 12. fxe3 Bg5 13. Nc2 Nb4 14. Rf3 Nxc2
15. Qxc2 Qd7 16. Raf1 g6 17. Nc3 f5 18. Qf2 Bh6 19. exf5 Rxf5 20. Rxf5 Qxf5 21.
Qxf5 gxf5 22. Nd5 f4 23. exf4 exf4 24. Kf2 Bg7 25. b3 Be5 26. Kf3 Re8 27. Re1
Rf8 28. Re4 Kg7 29. Nxf4 Kh6 30. g3 Kg7 31. Kg2 Bxf4 32. Rxf4 Re8 33. Re4 Rd8
34. Re7+ Kg6 35. Rxb7 d5 36. Rxa7 dxc4 37. dxc4 h5 38. h4 Kf5 39. Rc7 Rd2+ 40.
Kh3 Rxa2 41. Rxc5+ Kg6 42. b4 Rb2 43. b5 Rb4 44. Rc6+ Kf5 45. b6 Ke4 46. c5 Kd5
47. Rc7 1-0

[Event "Copenhagen Chess Challenge 2014"]
[Site "Ballerup"]
[Date "2014.05.16"]
[Round "5"]
[White "Mikkelsen, Nikolaj"]
[Black "Larsen, Tor Ketil"]
[Result "1-0"]
[WhiteElo "2430"]
[BlackElo "2004"]
[PlyCount "55"]
[EventDate "2014.??.??"]
[EventType "swiss"]
[EventRounds "9"]
[EventCountry "DEN"]

1. e4 d5 2. exd5 Qxd5 3. Nc3 Qd6 4. d4 Nf6 5. Nf3 a6 6. g3 b5 7. Bg2 Bb7 8. O-O
e6 9. a4 b4 10. Ne2 a5 11. c4 c5 12. Be3 Qb6 13. d5 exd5 14. cxd5 Nxd5 15. Nf4
Nxe3 16. Re1 Be7 17. Rxe3 Ra7 18. Qe2 Ba6 19. Rxe7+ Rxe7 20. Qxe7+ Kxe7 21.
Nd5+ Kd6 22. Nxb6 Kc6 23. Nc4 Kd5 24. Rc1 Bxc4 25. Nd2+ Kd4 26. Nxc4 f5 27.
Rd1+ Kxc4 28. Bd5# 1-0

[Event "Copenhagen Chess Challenge 2014"]
[Site "Ballerup"]
[Date "2014.05.16"]
[Round "5"]
[White "Molvig, Julius"]
[Black "Jacobsen, Mikkel Manosri"]
[Result "0-1"]
[WhiteElo "1899"]
[BlackElo "2113"]
[PlyCount "128"]
[EventDate "2014.??.??"]
[EventType "swiss"]
[EventRounds "9"]
[EventCountry "DEN"]

1. d4 Nf6 2. c4 c6 3. Nc3 d5 4. Nf3 e6 5. Bg5 Be7 6. e3 Nbd7 7. Rc1 O-O 8. Bd3
b6 9. O-O Bb7 10. h3 c5 11. cxd5 exd5 12. dxc5 bxc5 13. Qe2 h6 14. Bh4 Qb6 15.
Rfd1 Qe6 16. Bb1 Bd6 17. Qc2 g5 18. Bg3 Bxg3 19. fxg3 Qxe3+ 20. Kh2 Qe6 21. Re1
Ne4 22. Qb3 Rab8 23. Nxe4 dxe4 24. Qxe6 fxe6 25. Bxe4 Bxe4 26. Rxe4 Rxb2 27.
Ne5 Nxe5 28. Rxe5 Rff2 29. Rg1 Kf7 30. Rxc5 Rxa2 31. h4 Kf6 32. Kh3 a5 33. Rc8
Kg6 34. Rc6 Rfe2 35. Rf1 a4 36. h5+ Kxh5 37. g4+ Kg6 38. Rc8 Rf2 39. Re1 Rae2
40. Ra1 Re4 41. Rg8+ Kf7 42. Rh8 Kg7 43. Ra8 Rff4 44. Rb1 Rxg4 45. Rb7+ Kg6 46.
g3 Kh5 47. Rh7 Re3 48. Rxh6+ Kxh6 49. Kxg4 a3 50. Ra6 Kg6 51. Ra5 Kf6 52. Ra4
Rc3 53. Ra5 Rb3 54. Ra4 Ke5 55. Kxg5 Rxg3+ 56. Kh4 Re3 57. Kg5 Rg3+ 58. Kh4 Re3
59. Kg5 Kd5 60. Kf4 Rc3 61. Ra5+ Kc4 62. Ke4 Kb3 63. Kd4 a2 64. Rxa2 e5+ 0-1

[Event "Copenhagen Chess Challenge 2014"]
[Site "Ballerup"]
[Date "2014.05.16"]
[Round "5"]
[White "Nordenbaek, Jan"]
[Black "Bjerre, Jonas Buhl"]
[Result "1/2-1/2"]
[WhiteElo "2248"]
[BlackElo "1961"]
[PlyCount "187"]
[EventDate "2014.??.??"]
[EventType "swiss"]
[EventRounds "9"]
[EventCountry "DEN"]

1. e4 c5 2. Nf3 e6 3. b3 Nc6 4. Bb2 Qc7 5. g3 b6 6. Bg2 Bb7 7. O-O d6 8. Re1
O-O-O 9. Nc3 a6 10. d4 cxd4 11. Nxd4 Nxd4 12. Qxd4 Be7 13. Na4 Bf6 14. Qxb6
Bxb2 15. Qxc7+ Kxc7 16. Nxb2 Nf6 17. c4 Rd7 18. Nd3 Rhd8 19. Rac1 Kb8 20. h3
Rc7 21. Rcd1 a5 22. e5 dxe5 23. Nxe5 Rxd1 24. Rxd1 Ne4 25. Rd8+ Ka7 26. Nd3 Nc3
27. Bxb7 Kxb7 28. Nc1 Kb6 29. f3 Kc5 30. Nd3+ Kb6 31. a4 Rb7 32. Rc8 Rd7 33.
c5+ Kb7 34. c6+ Kxc8 35. cxd7+ Kxd7 36. Ne5+ Kd6 37. Nc4+ Kc5 38. Nxa5 Kb4 39.
Nc6+ Kxb3 40. a5 Nd5 41. Nd8 Nc7 42. Nxf7 Kb4 43. a6 Nxa6 44. Ng5 Nc7 45. Nxh7
Kc5 46. Kf2 Kd4 47. Ng5 Ke5 48. f4+ Kf5 49. Nf3 Nd5 50. Nd4+ Kf6 51. Nc6 Nc3
52. Kf3 Nd5 53. h4 Kg6 54. g4 Kf6 55. Nd4 g6 56. g5+ Kf7 57. Ke4 Ke7 58. Ke5
Ne3 59. Nc6+ Kf7 60. Kd6 Nf5+ 61. Kd7 Nxh4 62. Nd8+ Kg7 63. Nxe6+ Kf7 64. Nd8+
Kg7 65. Ke8 Nf5 66. Ne6+ Kg8 67. Nc7 Kg7 68. Nd5 Nh4 69. Ke7 Nf5+ 70. Ke6 Nd4+
71. Ke5 Nf5 72. Nc3 Nh4 73. Ne2 Kf7 74. Nd4 Ng2 75. Nf3 Ne3 76. Ke4 Nf5 77. Nd4
Nh4 78. Ke3 Ng2+ 79. Kf3 Ne1+ 80. Ke2 Ng2 81. Kf3 Ne1+ 82. Ke4 Ng2 83. Nf3 Ke6
84. Ne5 Nh4 85. Nxg6 Nxg6 86. f5+ Kf7 87. fxg6+ Kxg6 88. Kf4 Kg7 89. Kf5 Kf7
90. g6+ Kg7 91. Kg5 Kg8 92. Kh6 Kh8 93. g7+ Kg8 94. Kg6 1/2-1/2